[Event "POL-chT Academic"]
[Site "Katowice"]
[Date "2020.11.15"]
[Round "6.19"]
[White "Zaleski, Lukasz"]
[Black "Marczuk, Dominik"]
[Result "1/2-1/2"]
[WhiteElo "2173"]
[BlackElo "2292"]
[PlyCount "77"]
[EventDate "2020.11.14"]
[EventType "team-swiss (rapid)"]
[EventRounds "9"]
[EventCountry "POL"]
[SourceTitle "CBM 199 Extra"]
[Source "ChessBase"]
[SourceDate "2021.01.31"]
[SourceVersion "1"]
[SourceVersionDate "2021.01.31"]
[SourceQuality "1"]
[WhiteTeam "Gdansk Politechnika"]
[BlackTeam "Krakow Jagiellonski Univ"]
[WhiteTeamCountry "POL"]
[BlackTeamCountry "POL"]

1. e4 c6 2. d4 d5 3. Nd2 dxe4 4. Nxe4 Bf5 5. Ng3 Bg6 6. Nh3 Nf6 7. Nf4 e5 8. dxe5 Qa5+ 9. Bd2 Qxe5+ 10. Qe2 Bd6 11. Nxg6 hxg6 12. 0-0-0 Nbd7 13. Bc3 Qxe2 14. Bxe2 Bf4+ 15. Kb1 0-0 16. Bf3 Ne5 17. Ne2 Nxf3 18. Nxf4 Ng5 19. f3 Rad8 20. h4 Ngh7 21. g4 Rfe8 22. g5 Nh5 23. Nxh5 gxh5 24. Rxd8 Rxd8 25. Re1 Nf8 26. Kc1 Ng6 27. Re4 b6 28. Be1 c5 29. f4 Kf8 30. Bg3 Ne7 31. Bf2 Nf5 32. Ra4 Rd7 33. c3 g6 34. Kc2 Re7 35. Kd3 Nd6 36. b4 c4+ 37. Kd4 Rc7 38. Kd5 Nb5 39. Bd4 1/2-1/2

[Event "POL-ch Academic"]
[Site "Katowice"]
[Date "2020.11.14"]
[Round "9"]
[White "Blaszkiewicz, Mateusz"]
[Black "Zaleski, Lukasz"]
[Result "0-1"]
[WhiteElo "1818"]
[BlackElo "2173"]
[PlyCount "73"]
[EventDate "2020.11.13"]
[EventType "swiss (rapid)"]
[EventRounds "9"]
[EventCountry "POL"]
[SourceTitle "CBM 199 Extra"]
[Source "ChessBase"]
[SourceDate "2021.01.31"]
[SourceVersion "1"]
[SourceVersionDate "2021.01.31"]
[SourceQuality "1"]

1. e4 e6 2. d4 d5 3. e5 c5 4. c3 Nc6 5. Nf3 Qb6 6. a3 Nh6 7. b4 cxd4 8. cxd4 Nf5 9. Bb2 Bd7 10. Be2 Rc8 11. 0-0 Na5 12. Nbd2 Nc4 13. Nxc4 dxc4 14. Rc1 Qa6 15. d5 exd5 16. Qxd5 Be6 17. Qe4 b5 18. Ng5 Qc6 19. Qf4 Be7 20. Bf3 Qc7 21. Rfd1 0-0 22. Bd5 Bxg5 23. Qxg5 Qe7 24. Qxe7 Nxe7 25. Bxe6 fxe6 26. Rd6 Nd5 27. Bd4 Rfd8 28. g3 Kf7 29. Bxa7 Ra8 30. Bc5 Rxd6 31. Bxd6 Rxa3 32. Kf1 Ra4 33. Rb1 Kg6 34. Bf8 Kf5 35. f4 Ke4 36. Bxg7 Rxb4 37. Re1+ 0-1

[Event "Krakow op-A 30th"]
[Site "Krakow"]
[Date "2020.01.02"]
[Round "7"]
[White "Jankowiak, Tomasz"]
[Black "Zaleski, Lukasz"]
[Result "0-1"]
[WhiteElo "2111"]
[BlackElo "2207"]
[PlyCount "84"]
[EventDate "2019.12.27"]
[EventType "swiss"]
[EventRounds "9"]
[EventCountry "POL"]
[SourceTitle "CBM 195 Extra"]
[Source "ChessBase"]
[SourceDate "2020.05.31"]
[SourceVersion "1"]
[SourceVersionDate "2020.05.31"]
[SourceQuality "1"]

1. e4 e6 2. d4 d5 3. Nc3 Nf6 4. e5 Nfd7 5. Nce2 c5 6. c3 Nc6 7. Nf3 Be7 8. a3 a5 9. Nf4 cxd4 10. cxd4 Nb6 11. Bd3 Bd7 12. b3 Na7 13. h4 a4 14. Ng5 Bxg5 15. hxg5 Qxg5 16. Bxh7 Qf5 17. Qh5 Qxh5 18. Rxh5 axb3 19. Rb1 Ba4 20. Bc2 Rxh5 21. Nxh5 Rc8 22. Bd1 Nb5 23. Nxg7+ Kf8 24. Bh6 Kg8 25. Bxb3 Nc3 26. Rb2 Kh7 27. Bd2 Kxg7 28. Bd1 Nxd1 29. Rxb6 Nc3 30. Rxb7 Nb5 31. Be3 Nxa3 32. Ra7 Rc4 33. Kd2 Nb5 34. Rb7 Nxd4 35. Kd3 Nc6 36. f4 Bc2+ 37. Kd2 Be4 38. g4 d4 39. Bf2 Nxe5 40. Rb5 Nf3+ 41. Ke2 d3+ 42. Ke3 d2 0-1

[Event "Krakow op-A 30th"]
[Site "Krakow"]
[Date "2019.12.29"]
[Round "3"]
[White "Zaleski, Lukasz"]
[Black "Dwilewicz, Katarzyna"]
[Result "1-0"]
[WhiteElo "2207"]
[BlackElo "2100"]
[PlyCount "71"]
[EventDate "2019.12.27"]
[EventType "swiss"]
[EventRounds "9"]
[EventCountry "POL"]
[SourceTitle "CBM 195 Extra"]
[Source "ChessBase"]
[SourceDate "2020.05.31"]
[SourceVersion "1"]
[SourceVersionDate "2020.05.31"]
[SourceQuality "1"]

1. e4 e5 2. Nf3 Nc6 3. Bc4 Bc5 4. c3 Nf6 5. d4 exd4 6. e5 d5 7. Bb5 Ne4 8. cxd4 Bb6 9. Be3 0-0 10. Nc3 Bg4 11. h3 Bh5 12. Qc2 Bxf3 13. gxf3 Ng5 14. Bxc6 bxc6 15. Qf5 Ne6 16. 0-0-0 Rb8 17. h4 Qe7 18. Qd3 Qb4 19. a3 Qb3 20. Qc2 Qc4 21. Ne2 Qb5 22. f4 c5 23. Nc3 Qc4 24. dxc5 d4 25. cxb6 dxe3 26. bxa7 Rb7 27. fxe3 Rxa7 28. Ne4 Qa2 29. f5 Nd8 30. f6 g6 31. h5 Ra6 32. hxg6 fxg6 33. Rxh7 Qa1+ 34. Kd2 Qxd1+ 35. Kxd1 Kxh7 36. Qc4 1-0

[Event "Warsaw Najdorf Memorial op-A 17th"]
[Site "Warsaw"]
[Date "2019.07.10"]
[Round "5"]
[White "Jarocka, Liwia"]
[Black "Zaleski, Lukasz"]
[Result "1-0"]
[WhiteElo "2102"]
[BlackElo "2185"]
[PlyCount "83"]
[EventDate "2019.07.06"]
[EventType "swiss"]
[EventRounds "9"]
[EventCountry "POL"]
[SourceTitle "CBM 191 Extra"]
[Source "ChessBase"]
[SourceDate "2019.09.30"]
[SourceVersion "1"]
[SourceVersionDate "2019.09.30"]
[SourceQuality "1"]

1. e4 e6 2. d4 d5 3. Nd2 Nf6 4. e5 Nfd7 5. Bd3 c5 6. c3 Nc6 7. Ne2 a5 8. a4 b6 9. 0-0 cxd4 10. cxd4 Ba6 11. Bxa6 Rxa6 12. Nb1 Be7 13. Nbc3 Nb4 14. Be3 Ra8 15. Rc1 0-0 16. Nb5 Rc8 17. Qb3 Nb8 18. f4 Rxc1 19. Rxc1 N8c6 20. Bd2 Qd7 21. Qh3 Rc8 22. Rc3 Bf8 23. Qg4 Ne7 24. Ng3 Nf5 25. Nxf5 exf5 26. Qf3 Rc6 27. Kf1 Na2 28. Rxc6 Qxc6 29. Qb3 Nb4 30. Qc3 Qh6 31. h3 Qc6 32. Qxc6 Nxc6 33. Bc3 Bb4 34. Nc7 Bxc3 35. bxc3 Ne7 36. Ke2 Kf8 37. Kd3 h5 38. g3 h4 39. gxh4 Ng6 40. Nxd5 Nxh4 41. Nxb6 Ng2 42. Nd5 1-0

[Event "Warsaw Najdorf Memorial op-A 17th"]
[Site "Warsaw"]
[Date "2019.07.07"]
[Round "2"]
[White "Zaleski, Lukasz"]
[Black "Cieslak, Wiktoria"]
[Result "1/2-1/2"]
[WhiteElo "2185"]
[BlackElo "2001"]
[PlyCount "83"]
[EventDate "2019.07.06"]
[EventType "swiss"]
[EventRounds "9"]
[EventCountry "POL"]
[SourceTitle "CBM 191 Extra"]
[Source "ChessBase"]
[SourceDate "2019.09.30"]
[SourceVersion "1"]
[SourceVersionDate "2019.09.30"]
[SourceQuality "1"]

1. e4 c5 2. Nf3 d6 3. d4 cxd4 4. Nxd4 Nf6 5. Nc3 a6 6. h4 e6 7. g4 Nc6 8. g5 Nd7 9. Be3 Nde5 10. Be2 Qc7 11. Nb3 b5 12. f4 Nd7 13. a3 Bb7 14. h5 Rc8 15. Rg1 Na5 16. Nxa5 Qxa5 17. Qd4 e5 18. Qd2 exf4 19. Bxf4 Ne5 20. 0-0-0 Qc7 21. Bxe5 dxe5 22. Bg4 Rd8 23. Qxd8+ Qxd8 24. Rxd8+ Kxd8 25. Rd1+ Ke8 26. Bd7+ Ke7 27. Bf5 Bc6 28. Nd5+ Kd6 29. Nb4+ Kc7 30. Nxa6+ Kb6 31. Nb8 Be7 32. Nd7+ Bxd7 33. Rxd7 Bxg5+ 34. Kb1 g6 35. Bg4 Rf8 36. Rd6+ Kc7 37. Rd5 Bf4 38. hxg6 hxg6 39. Rxb5 f5 40. Bf3 Rh8 41. a4 Rh3 42. Bg2 1/2-1/2

[Event "Krakow op-A 29th"]
[Site "Krakow"]
[Date "2019.01.03"]
[Round "8"]
[White "Zaleski, Lukasz"]
[Black "Kusnetsov, Sergey"]
[Result "1/2-1/2"]
[WhiteElo "2116"]
[BlackElo "2257"]
[PlyCount "106"]
[EventDate "2018.12.27"]
[EventType "swiss"]
[EventRounds "9"]
[EventCountry "POL"]
[SourceTitle "CBM 189 Extra"]
[Source "ChessBase"]
[SourceDate "2019.06.03"]
[SourceVersion "1"]
[SourceVersionDate "2019.06.03"]
[SourceQuality "1"]

1. e4 d6 2. d4 Nf6 3. Nc3 g6 4. Nf3 Bg7 5. Be2 0-0 6. 0-0 Bg4 7. Be3 Nc6 8. d5 Bxf3 9. Bxf3 Ne5 10. Be2 c6 11. f4 Ned7 12. Bf3 cxd5 13. exd5 a6 14. a4 Nb6 15. Bd4 Rc8 16. b3 Nfd7 17. a5 Bxd4+ 18. Qxd4 Qc7 19. Ne4 Na8 20. c4 f5 21. Ng5 Qc5 22. Ne6 Qxd4+ 23. Nxd4 Nc5 24. Rfe1 Rfe8 25. Re3 h5 26. Rae1 Kf7 27. h3 h4 28. Ne6 b6 29. Ng5+ Kf8 30. axb6 Nxb6 31. Ra1 Rb8 32. Ne6+ Nxe6 33. dxe6 Kg7 34. Rxa6 Kf6 35. Re1 Rec8 36. Kf2 Rc5 37. Ra7 Nxc4 38. bxc4 Rxc4 39. Rb7 Rxb7 40. Bxb7 Rxf4+ 41. Ke3 g5 42. Kd3 Ra4 43. Bd5 g4 44. hxg4 fxg4 45. Bb3 Rb4 46. Bc4 Rb2 47. Bd5 Rf2 48. Kd4 Rd2+ 49. Kc4 Kf5 50. Rf1+ Ke5 51. Re1+ Kf5 52. Rf1+ Ke5 53. Re1+ Kf5 1/2-1/2

[Event "Krakow op-A 29th"]
[Site "Krakow"]
[Date "2018.12.29"]
[Round "3"]
[White "Biriukov, Nikolai"]
[Black "Zaleski, Lukasz"]
[Result "1-0"]
[WhiteElo "2365"]
[BlackElo "2116"]
[PlyCount "67"]
[EventDate "2018.12.27"]
[EventType "swiss"]
[EventRounds "9"]
[EventCountry "POL"]
[SourceTitle "CBM 188 Extra"]
[Source "ChessBase"]
[SourceDate "2019.02.26"]
[SourceVersion "1"]
[SourceVersionDate "2019.02.26"]
[SourceQuality "1"]

1. d4 e6 2. Nf3 Nf6 3. g3 c5 4. Bg2 cxd4 5. Nxd4 d5 6. 0-0 Be7 7. c4 0-0 8. cxd5 Nxd5 9. Qb3 Nc6 10. Nxc6 bxc6 11. e4 Nf6 12. Bf4 Qa5 13. Qc3 Qxc3 14. Nxc3 Rd8 15. Rfd1 Ba6 16. Bf3 Rxd1+ 17. Rxd1 Rd8 18. Rc1 c5 19. Na4 c4 20. Be3 Bb5 21. Nc3 Bc6 22. Bxa7 Rd2 23. Rb1 Bb4 24. Be3 Rd8 25. Rc1 Ba5 26. Ne2 Bxe4 27. Bxe4 Nxe4 28. Rxc4 Nd2 29. Ra4 Bc7 30. Kg2 e5 31. Nc3 f5 32. Nb5 Bb8 33. Ra8 Nc4 34. Ba7 1-0

[Event "Rubinstein Memorial-A 54th"]
[Site "Polanica Zdroj"]
[Date "2018.08.23"]
[Round "6"]
[White "Zaleski, Lukasz"]
[Black "Szelag, Zuzanna"]
[Result "1/2-1/2"]
[WhiteElo "2164"]
[BlackElo "1934"]
[PlyCount "119"]
[EventDate "2018.08.18"]
[EventType "swiss"]
[EventRounds "9"]
[EventCountry "POL"]
[SourceTitle "CBM 186 Extra"]
[Source "ChessBase"]
[SourceDate "2018.08.24"]
[SourceVersion "1"]
[SourceVersionDate "2018.08.24"]
[SourceQuality "1"]

1. e4 c5 2. Nf3 d6 3. Bb5+ Bd7 4. Bxd7+ Qxd7 5. 0-0 Nf6 6. Qe2 Nc6 7. Rd1 Rc8 8. c3 e6 9. d4 cxd4 10. cxd4 d5 11. e5 Ne4 12. Be3 Be7 13. Ne1 f6 14. f3 Ng5 15. Nd3 b6 16. Nc3 0-0 17. Bf2 Nf7 18. f4 Nh6 19. g4 Qe8 20. exf6 Rxf6 21. g5 Rg6 22. h4 e5 23. dxe5 d4 24. Ne4 Nf5 25. Qg4 Qf7 26. Nf6+ gxf6 27. Qxf5 Rd8 28. Kh2 fxe5 29. Qxf7+ Kxf7 30. Rac1 Rd5 31. fxe5 Nxe5 32. Nxe5+ Rxe5 33. Bxd4 Re2+ 34. Kg3 h6 35. Rf1+ Ke8 36. Kf3 Ree6 37. Rce1 hxg5 38. Rxe6 Rxe6 39. h5 Bf6 40. Be3 Bxb2 41. Bxg5 Bg7 42. Rd1 a5 43. Rd2 Bh6 44. Bxh6 Rxh6 45. Rd5 Kf7 46. Kg4 Kg7 47. Kg5 Rc6 48. Rd7+ Kh8 49. Rb7 Rd6 50. Rc7 Re6 51. a4 Rd6 52. Rf7 Kg8 53. Rf6 Rd4 54. Rxb6 Rxa4 55. Kh6 Rf4 56. Rg6+ Kh8 57. Ra6 Kg8 58. Ra8+ Rf8 59. Ra6 Rf2 60. Rxa5 1/2-1/2

[Event "Warsaw Najdorf Memorial op-A 16th"]
[Site "Warsaw"]
[Date "2018.07.16"]
[Round "9"]
[White "Monnisha, GK."]
[Black "Zaleski, Lukasz"]
[Result "1-0"]
[WhiteElo "2292"]
[BlackElo "2029"]
[PlyCount "173"]
[EventDate "2018.07.08"]
[EventType "swiss"]
[EventRounds "9"]
[EventCountry "POL"]
[SourceTitle "CBM 185 Extra"]
[Source "ChessBase"]
[SourceDate "2018.07.29"]
[SourceVersion "1"]
[SourceVersionDate "2018.07.29"]
[SourceQuality "1"]

1. e4 e6 2. d4 d5 3. Nc3 Nf6 4. e5 Nfd7 5. f4 c5 6. Nf3 Nc6 7. Be3 Be7 8. Qd2 0-0 9. dxc5 Nxc5 10. 0-0-0 a6 11. Nd4 Qc7 12. Bd3 Nxd3+ 13. Qxd3 f6 14. exf6 Bxf6 15. g3 b5 16. Nxc6 Qxc6 17. Bd4 Be7 18. Rhe1 b4 19. Ne2 a5 20. Kb1 a4 21. Nc1 Bd7 22. Rd2 Bd6 23. Be5 Bc5 24. Qe2 Qb6 25. Nd3 Be7 26. Qe3 Qxe3 27. Rxe3 g6 28. Bd4 Rfc8 29. Ne5 Bb5 30. Ng4 Ra6 31. h4 b3 32. a3 bxc2+ 33. Rxc2 Rxc2 34. Kxc2 Rc6+ 35. Kd2 Rc4 36. Bf6 Bxf6 37. Nxf6+ Kg7 38. Rxe6 Rd4+ 39. Ke1 Rd3 40. g4 Kf7 41. Rb6 Bc4 42. Nxh7 Re3+ 43. Kf2 d4 44. Ng5+ Ke7 45. f5 Re2+ 46. Kf3 d3 47. f6+ Kd7 48. f7 Bd5+ 49. Kf4 Rf2+ 50. Ke5 Bc6 51. Rb4 d2 52. Rd4+ Ke7 53. h5 gxh5 54. gxh5 Bd7 55. h6 Rf5+ 56. Ke4 Rxg5 57. f8Q+ Kxf8 58. Rxd7 Rg2 59. h7 Re2+ 60. Kf3 Rh2 61. Rxd2 Rxh7 62. Rd4 Rh2 63. Rb4 Ke7 64. Ke3 Kd6 65. Kd3 Kc5 66. Kc3 Rh3+ 67. Kc2 Rh2+ 68. Kb1 Rg2 69. Rxa4 Kb5 70. Rh4 Ka5 71. Ka2 Rf2 72. a4 Rf3 73. b3 Rf1 74. Rh5+ Kb4 75. Rb5+ Kc3 76. a5 Rg1 77. Rb6 Rg5 78. b4 Kc4 79. a6 Rg2+ 80. Kb1 Kb3 81. Kc1 Ra2 82. b5 Kc4 83. Rb7 Kc5 84. a7 Ra1+ 85. Kb2 Ra4 86. b6 Kc6 87. Rb8 1-0

[Event "Baltic Cup 2nd"]
[Site "Darlowko"]
[Date "2018.06.24"]
[Round "1"]
[White "Kowalski, Igor"]
[Black "Zaleski, Lukasz"]
[Result "1-0"]
[WhiteElo "2323"]
[BlackElo "2029"]
[PlyCount "87"]
[EventDate "2018.06.24"]
[EventType "swiss"]
[EventRounds "9"]
[EventCountry "POL"]
[SourceTitle "CBM 185 Extra"]
[Source "ChessBase"]
[SourceDate "2018.07.29"]
[SourceVersion "1"]
[SourceVersionDate "2018.07.29"]
[SourceQuality "1"]

1. c4 e5 2. Nc3 Nc6 3. g3 f5 4. Bg2 Nf6 5. e3 e4 6. d3 Bb4 7. dxe4 Bxc3+ 8. bxc3 fxe4 9. f3 0-0 10. fxe4 d6 11. Nf3 Qe7 12. 0-0 Be6 13. Nd4 Bxc4 14. Nxc6 bxc6 15. Rf4 Nd7 16. Ba3 Ne5 17. Qa4 Qe6 18. Qa5 Rf7 19. Rb1 Bb5 20. Bc1 Nd3 21. Bd2 Nxf4 22. exf4 Qc4 23. Re1 Re7 24. Bf1 Qa4 25. c4 Qxa5 26. Bxa5 Ba6 27. e5 Rb8 28. Bc3 d5 29. f5 Bxc4 30. Bxc4 dxc4 31. e6 Rb5 32. g4 Re8 33. Re4 Rb1+ 34. Kg2 Rc1 35. Rxc4 Rd8 36. Kf2 Rd3 37. Rb4 Rc2+ 38. Ke1 Kf8 39. Rb8+ Ke7 40. Bxg7 Rxh2 41. g5 Re3+ 42. Kd1 Kd6 43. Rd8+ Kc5 44. Bd4+ 1-0

[Event "Krakow op-A 28th"]
[Site "Krakow"]
[Date "2018.01.02"]
[Round "7"]
[White "Malinowski, Damian"]
[Black "Zaleski, Lukasz"]
[Result "1-0"]
[WhiteElo "2032"]
[BlackElo "2229"]
[PlyCount "117"]
[EventDate "2017.12.27"]
[EventType "swiss"]
[EventRounds "9"]
[EventCountry "POL"]
[SourceTitle "CBM 182 Extra"]
[Source "ChessBase"]
[SourceDate "2018.02.23"]
[SourceVersion "1"]
[SourceVersionDate "2018.02.23"]
[SourceQuality "1"]

1. c4 e5 2. g3 Nc6 3. Bg2 f5 4. Nc3 Nf6 5. e3 e4 6. d3 Bb4 7. d4 d5 8. cxd5 Nxd5 9. Nge2 Be6 10. 0-0 0-0 11. Nxd5 Bxd5 12. Bd2 Bd6 13. f3 exf3 14. Bxf3 Ne7 15. Bxd5+ Nxd5 16. Qb3 c6 17. Nc3 Qb6 18. Nxd5 Qxb3 19. axb3 cxd5 20. Ra5 Kf7 21. Rxd5 Ke6 22. e4 g6 23. Rxd6+ Kxd6 24. Bb4+ Ke6 25. Bxf8 Rxf8 26. g4 Rd8 27. d5+ Ke5 28. exf5 Rxd5 29. f6 Rd8 30. g5 Ke6 31. h4 Kf7 32. Rc1 Rd7 33. Rc8 Ke6 34. Re8+ Kf7 35. Rh8 Ke6 36. Rg8 Rc7 37. Kf1 Rc1+ 38. Ke2 Rc2+ 39. Kd3 Rxb2 40. Re8+ Kf7 41. Re7+ Kg8 42. Rxb7 a5 43. Kc3 Rh2 44. Rg7+ Kh8 45. Rd7 Kg8 46. Rd4 Kf7 47. Kc4 Rh3 48. Re4 h6 49. gxh6 Kxf6 50. Rf4+ Ke5 51. h7 Kxf4 52. h8Q Kg3 53. Qe5+ Kxh4 54. Qxa5 g5 55. Qd8 Kh5 56. b4 g4 57. b5 g3 58. b6 Rh4+ 59. Kd3 1-0